Servicios ecosistémicos. (Registro nro. 18157)

Detalles MARC
000 -CABECERA
Campo de control 01971nam a22003617a 4500
005 - FECHA Y HORA DE LA ULTIMA TRANSACCION
Campo de control 20220510154246.0
008 - ELEMENTOS DE LONGITUD FIJA—INFORMACION GENERAL
Campo de control 160219b2015 ck abdo|r|||| 00| 0 spa d
020 ## - ISBN
ISBN 9789588889542
040 ## - FUENTE DE CATALOGACIÓN
Agencia catalogadora original CO-BoIAVH
Agencia transcriptora CO-BoIAVH
041 0# - IDIOMA
Código de idioma para texto/pista de sonido o título separado Español
044 ## - PAÍS DE PUBLICACIÓN
País de publicación Colombia
082 04 - NUMERO DE CLASIFICACION DECIMAL DEWEY
Número de clasificación 304.2
Número del ítem H71t4
100 1# - ASIENTO PRINCIPAL--NOMBRE PERSONAL
Nombre personal Nieto Díaz, Margarita
9 (RLIN) 20240
245 10 - MENCION DE TITULO
Título Servicios ecosistémicos.
Parte restante del título Provisión y regulación hídrica en los páramos /
Mención de responsabilidad Margarita Nieto, Luisa Fernanda Cardona y Catherine Agudelo
246 00 - FORMA VARIANTE DEL TITULO
Título propiamente dicho/forma breve del título Servicios ecosistémicos.
Parte restante del título Provisión y regulación hídrica en los páramos
250 ## - MENCION DE EDICION
Mención de edición Primera edición
260 ## - PUBLICACION, DISTRIBUCION, ETC. (PIE DE IMPRENTA)
Lugar de publicación, distribución, etc. Bogotá :
Nombre del editor, distribuidor, etc. Instituto de Investigación de Recursos Biológicos Alexander von Humboldt,
Fecha de publicación, distribución, etc. 2015.
300 ## - DESCRIPCION FISICA
Extensión 96 páginas :
Otros detalles físicos ilustraciones, mapas, diagramas y fotografías a color ;
Dimensiones 21 x 30 cm.
490 0# - MENCION DE SERIE
Mención de serie Colección hojas de ruta: Guías para estudio socioecológico de altamontaña en Colombia ;
Designación numérica/secuencial del volumen 4
504 ## - NOTA DE BIBLIOGRAFIA, ETC.
Nota de bibliografía Incluye referencias bibliográficas: páginas 91-95.
505 0# - NOTA DE CONTENIDO
Nota de contenido 1. Punto de partida.
505 0# - NOTA DE CONTENIDO
Nota de contenido 2. Recorriendo el camino.
505 0# - NOTA DE CONTENIDO
Nota de contenido 3. Otros caminos.
520 ## - NOTA DE RESUMEN, ETC.
Nota de resumen Desde la perspectiva de servicios ecosistémicos se propone hacer visibles las contribuciones de los ecosistemas al bienestar humano. Esto resulta ser una oportunidad para realizar una lectura de las relaciones que se dan sobre un territorio entre las dinámicas biofísicas de los ecosistemas de páramo y las diferentes valoraciones, percepciones y usos por parte de beneficiarios directos e indirectos de este ecosistema, en los niveles regional y local.
650 #6 - ASIENTO SECUNDARIO DE MATERIA - TERMINO TEMATICO
Término temático o nombre geográfico como elemento de entrada Servicios de los ecosistemas
9 (RLIN) 61337
650 #4 - ASIENTO SECUNDARIO DE MATERIA - TERMINO TEMATICO
Término temático o nombre geográfico como elemento de entrada Servicios ecosistémicos
9 (RLIN) 61338
650 #6 - ASIENTO SECUNDARIO DE MATERIA - TERMINO TEMATICO
Término temático o nombre geográfico como elemento de entrada Páramos
9 (RLIN) 92513
650 #6 - ASIENTO SECUNDARIO DE MATERIA - TERMINO TEMATICO
Término temático o nombre geográfico como elemento de entrada Recursos hídricos
9 (RLIN) 92528
700 1# - ASIENTO SECUNDARIO - NOMBRE PERSONAL
Nombre personal Cardona, Luisa Fernanda
9 (RLIN) 61341
700 1# - ASIENTO SECUNDARIO - NOMBRE PERSONAL
Nombre personal Agudelo, Catherine
9 (RLIN) 61342
710 2# - ASIENTO SECUNDARIO - NOMBRE CORPORATIVO
Nombre corporativo o de jurisdicción como elemento de entrada Instituto de Investigación de Recursos Biológicos Alexander von Humboldt.
9 (RLIN) 204
942 ## - ELEMENTOS ADICIONALES (KOHA)
Sistema de clasificación Dewey Decimal Classification
Tipo de ítem Libro
Koha issues (borrowed), all copies 3
Existencias
Withdrawn status Lost status Sistema de Clasificación Damaged status No para préstamo Colección Inventariado Ubicación Permanente Ubicación actual Fecha de adquisición Fuente de Valor Valor Total Checkouts Número topográfico Inventario / Código de Barras Date last seen Date checked out Ejemplar Price effective from Forma de adquisición Tipo de material
    Dewey Decimal Classification     Humboldt Inventariado 2017 Bogotá Bogotá 19/02/2016 Instituto 39000.00 8 IAVH-304.2 H71t4 039827 17/10/2019 02/10/2019 Ej. 1 19/02/2016 Institucional Libro
    Dewey Decimal Classification     Humboldt Inventariado 2017 Sala Fabio Quevedo Sala Fabio Quevedo 19/02/2016 Instituto 39000.00   IAVH-304.2 H71t4 039828 19/02/2016   Ej. 2 19/02/2016 Institucional Libro